2001 Entry test MCQs multiple choice questions : Physics 2000.2001 (Record no. 62295)

000 -LEADER
fixed length control field 00485nam a22001697a 4500
003 - CONTROL NUMBER IDENTIFIER
control field NUST-PNEC
005 - DATE AND TIME OF LATEST TRANSACTION
control field 20170116180744.0
008 - FIXED-LENGTH DATA ELEMENTS--GENERAL INFORMATION
fixed length control field 150114b xxu||||| |||| 00| 0 eng d
040 ## - CATALOGING SOURCE
Transcribing agency PNEC
082 ## - DEWEY DECIMAL CLASSIFICATION NUMBER
Classification number 153.9453 ASI
100 ## - MAIN ENTRY--PERSONAL NAME
9 (RLIN) 1211
Personal name Asif, Ghulam Abbas
245 ## - TITLE STATEMENT
Title 2001 Entry test MCQs multiple choice questions : Physics 2000.2001
Statement of responsibility, etc. Ghulam Abbas Asif
260 ## - PUBLICATION, DISTRIBUTION, ETC.
Place of publication, distribution, etc. Lahore :
Name of publisher, distributor, etc. Publishers Emporium
Date of publication, distribution, etc. c2001.
300 ## - PHYSICAL DESCRIPTION
Extent 402 p. :
Dimensions 22 cm.
650 ## - SUBJECT ADDED ENTRY--TOPICAL TERM
General subdivision General
942 ## - ADDED ENTRY ELEMENTS (KOHA)
Source of classification or shelving scheme
Koha item type Book
Holdings
Withdrawn status Lost status Source of classification or shelving scheme Damaged status Not for loan Permanent Location Current Location Shelving location Date acquired Source of acquisition Cost, normal purchase price Total Checkouts Full call number Barcode Date last seen Cost, replacement price Price effective from Koha item type
          Pakistan Navy Engineering College (PNEC) Pakistan Navy Engineering College (PNEC)   10/04/2001 Reference Grant 110.00   153.9453 ASI PNECLIB-024841 01/14/2015 110.00 10/04/2001 Book
© 2023 Central Library, National University of Sciences and Technology. All Rights Reserved.